000 01149nam a2200253Ia 4500
999 _c38547
_d38547
001 4648
003 GE_BSU
005 20190527183345.0
008 181216s1990||||ge |||||||||||||| ||geo||
020 _a5505013848
040 _cGE_BSU
041 _ageo
080 _a519.854(075.8) დ–53
245 _aდისკრეტული მათემატიკის საფუძვლები : სახელმძღვ. /
_cზ.ნაცვლიშვილი ; გ. ტაბიძე ; რ. დანელია ; და სხვ. რედ : ჯ.სანიკიძე ; რ.დანელია .
264 _aთბილისი :
_bგანათლება,
_c1990.
300 _a432გვ; 20სმ.
653 _aდისკრეტული მათემატიკა
700 _aნაცვლიშვილი, ზ
_91591
700 _aტაბიძე, გ
_91668
700 _aდანელია, რ
_91505
700 _aსანიკიძე, ჯ
_eრედაქტორი
_91590
700 _aდანელია, რ
_eრედაქტორი
_91505
942 _cBK
_2udc